000 01363nam a22003617i 4500
003 EG-GICUC
005 20260121101651.0
008 260106s1989 be ||||fr||| 00|10 ffre d
020 _a2802704516
040 _aEG-GiCUC
_cEG-GiCUC
_dEG-GiCUC
_eRda
_bfre
041 _afre
082 0 4 _221
_a341.33040
_bGH . D
092 0 4 _221
099 _aLaw1 11 341.33040 GH . D 1989
100 1 _aGhebali, Victor-yves
_eAuteur
245 1 0 _aLa Diplomatie De La Détente : La Csce, D'helsinki À Vienne (1973-1989) /
_cVictor-yves Ghebali ; Presentation De Benoit D'aboville ; Avant Propos D'helene Carrere D'encausse ; Preface De Jean Klein.
264 1 _aBruxelles :
_bBruylant،
_c1998.
300 _a444 page ;
_c 24 cm.
336 _2rda contenu
_a texte
337 _2rda medias
_aOrdinateur
338 _2 transporteur rda
_a Ressource en ligne
490 0 _aOrganisation Internationale Et Relations Internationales ;
_v18.
504 _aInclude Bibliography And Index.
546 _aTexte en français
650 1 4 _aDiplomatie
_xDroit international public
_zEurope
651 1 _2qrmak
700 1 _aD'aboville, Benoit
_eContributeur
700 1 _aD'encausse , D'helene Carrere
_eContributeur
700 1 _aKlein, Jean
_ePréfacier
856 4 0 _uhttps://fll.law.cu.edu.eg/fulltext/bks/B11-06844.pdf
905 _a75
942 _2ddc
_cBK
_e21
_n0
999 _c54769
_d54769